Derecho del entretenimiento (Registro nro. 3352)

Detalles MARC
000 -LEADER
fixed length control field 01159 a2200265 4500
001 - CONTROL NUMBER
control field 41084
005 - DATE AND TIME OF LATEST TRANSACTION
control field 20260407155704.0
008 - FIXED-LENGTH DATA ELEMENTS--GENERAL INFORMATION
fixed length control field 260407a2006 arg spa d
003 - CONTROL NUMBER IDENTIFIER
control field AR-UNSa-BCEJYS
040 ## - CATALOGING SOURCE
Original cataloging agency AR-UNSa-BCEJYS
Language of cataloging spa
Transcribing agency AR-UNSa-BCEJYS
080 ## - UNIVERSAL DECIMAL CLASSIFICATION NUMBER
Universal Decimal Classification number 347.78
Common auxiliary subdivision Propiedad artística y literaria. Derechos de autor. Copyright
020 ## - INTERNATIONAL STANDARD BOOK NUMBER
International Standard Book Number 978-950-894-586-0
041 ## - LANGUAGE CODE
Language code of text/sound track or separate title spa
100 1# - MAIN ENTRY--PERSONAL NAME
Personal name Vibes, Federico P.
245 10 - TITLE STATEMENT
Title Derecho del entretenimiento
Name of part/section of a work empresas culturales, propiedad intelectual, cine, radio y televisión, música, libros, diarios y revistas, teatro deportes
264 #1 - PRODUCTION, PUBLICATION, DISTRIBUTION, MANUFACTURE, AND COPYRIGHT NOTICE
Place of production, publication, distribution, manufacture Buenos Aires :
Name of producer, publisher, distributor, manufacturer AD-HOC
Date of production, publication, distribution, manufacture, or copyright notice 2006
300 ## - PHYSICAL DESCRIPTION
Extent 441 p.
Dimensions 23 cm.
505 ## - FORMATTED CONTENTS NOTE
Formatted contents note 1. Derecho y entretenimiento - 2. Propiedad intelectual - 3. La industria cinematográfica - 4. La radio y la televisión - 5. La industria de la música - 6. La industria editorial - 7. El espectáculo público
590 ## - LOCAL NOTE (RLIN)
Local note niveau_biblio:m niveau_hierar:0
700 1# - ADDED ENTRY--PERSONAL NAME
Personal name Delupí, Javier E.
700 1# - ADDED ENTRY--PERSONAL NAME
Personal name Alesina, Juan C.
700 1# - ADDED ENTRY--PERSONAL NAME
Personal name Carbone, Rolando D.
856 41 - ELECTRONIC LOCATION AND ACCESS
Uniform Resource Identifier <a href="https://biblioeco.unsa.edu.ar/pmb/images/libros/L126351.jpg">https://biblioeco.unsa.edu.ar/pmb/images/libros/L126351.jpg</a>
Link text Imagen de portada
Electronic format type image/jpeg
942 ## - ADDED ENTRY ELEMENTS (KOHA)
Koha item type
Existencias
Withdrawn status Lost status Damaged status Not for loan Home library Current library Shelving location Date acquired Total checkouts Full call number Barcode Date last seen Price effective from Koha item type
        Biblioteca Prof. Eusebio Cleto del Rey Biblioteca Prof. Eusebio Cleto del Rey   07/04/2026   347.78 V624 L126351 07/04/2026 07/04/2026 Libro